| 000 | 00424nam a2200181Ia 4500 | ||
|---|---|---|---|
| 005 | 20250423100831.0 | ||
| 008 | 250422s9999 xx 000 0 und d | ||
| 020 | _a0407006621 | ||
| 050 | _aRD 32 .O64/ | ||
| 245 | 0 | _aRob and smith’s operative Surgery : ear | |
| 250 | _a4th ed. | ||
| 260 | _aLondon | ||
| 260 | _bButterworths | ||
| 260 | _c1983 | ||
| 300 | _a232 p | ||
| 650 | _a Surgery, operative | ||
| 942 | _cBK | ||
| 999 |
_c34478 _d34478 |
||